| 000 | 00568nam a2200193 4500 | ||
|---|---|---|---|
| 001 | 116992 | ||
| 003 | ES-MaACL | ||
| 005 | 20251114150617.0 | ||
| 007 | t| | ||
| 008 | 070228s1970 sp r ||||1| spa d | ||
| 100 | 1 |
_aPayne, Robert. _989728 |
|
| 245 | 1 | 0 |
_aMao Tse-Tung / _cRobert Payne ; traducción: Miguel Giménez Sales. |
| 250 | _a1ª ed. | ||
| 260 |
_aBarcelona [etc.] : _bBruguera, _c1970. |
||
| 300 |
_a263 p., 8 lám. ; _c24 cm. |
||
| 700 | 1 |
_aGiménez Sales, Miguel, _d1922- _957067 |
|
| 852 |
_aES-MaACL _jC-41779 _bR.73865 |
||
| 999 |
_c116992 _d116992 |
||